000
00254nam a2200109Ia 4500
008
220204s9999 xx 000 0 und d
082
_a
82-3
_b
GRE
100
_a
Greene, Graham
245
4
_a
The Human factor
260
_a
New York
_b
Avon
_c
1978
942
_c
BK
999
_c
33483
_d
33483